000 00641nam a2200241Ia 4500
003 230524s9999 xx 000 0 und d
005 20230721123440.0
008 230721b |||||||| |||| 00| 0 eng d
020 _a81-203-1609-6
040 _cLibrary of Congress Catalog card
082 _213th
_a658.4
_bKOT
100 _aPhilip Kotler
245 _aMarketing Management
250 _a13th
260 _aNEW DELHI
_bPearson
_c2009
300 _aXXXII;647p
500 _aQuantity- 20
650 _aManagement
700 _aKevin Lane
_945361
710 _aAbraham Koshy
_945362
711 _aMithileshwar Jha
_945363
942 _2ddc
_cBK
_n0
999 _c61099
_d61099